Online
Catalog

Compendio de derecho civil español / (Record no. 14828)

MARC details
000 -CABECERA
campo de control de longitud fija 00971cam a2200241 a 4500
001 - NÚMERO DE CONTROL
campo de control 000015261
003 - IDENTIFICADOR DEL NÚMERO DE CONTROL
campo de control DO-SdBNP
005 - FECHA Y HORA DE LA ÚLTIMA TRANSACCIÓN
campo de control 20260219125621.0
008 - DATOS DE LONGITUD FIJA--INFORMACIÓN GENERAL
campo de control de longitud fija 820428s1966 sp 000 0 spa d
040 ## - FUENTE DE LA CATALOGACIÓN
Centro catalogador/agencia de origen DO-SdBNP
Lengua de catalogación spa
Centro/agencia transcriptor BNPHU
082 #4 - NÚMERO DE LA CLASIFICACIÓN DECIMAL DEWEY
Número de clasificación 347.0946
Número de documento/Ítem P979c
Número de edición 22
100 1# - ENTRADA PRINCIPAL--NOMBRE DE PERSONA
Nombre de persona Puig Peña, Federico
9 (RLIN) 34526
245 10 - MENCIÓN DE TÍTULO
Título Compendio de derecho civil español /
Mención de responsabilidad, etc. Federico Puig Peña.
260 ## - PUBLICACIÓN, DISTRIBUCIÓN, ETC.
Lugar de publicación, distribución, etc. Barcelona :
Nombre del editor, distribuidor, etc. Ediciones Nauta,
Fecha de publicación, distribución, etc. 1966.
300 ## - DESCRIPCIÓN FÍSICA
Extensión v. ;
Dimensiones 24 cm.
500 ## - NOTA GENERAL
Nota general La biblioteca posee el v. 3
504 ## - NOTA DE BIBLIOGRAFÍA, ETC.
Nota de bibliografía, etc. Incluye referencias bibliográficas y notas al pie de las páginas.
505 0# - NOTA DE CONTENIDO CON FORMATO
Información miscelánea t. 1.
Título Parte general --
Información miscelánea t. 2.
Título Drechos reales --
Información miscelánea t. 3. v. 2.
Título Obligaciones y contratos --
Información miscelánea t.4. v. 1.
Título Familia y sucesiones --
Información miscelánea t.4. v. 2.
Título Familia y sucesiones.
650 #7 - PUNTO DE ACCESO ADICIONAL DE MATERIA--TÉRMINO DE MATERIA
Término de materia o nombre geográfico como elemento de entrada Derecho civil
Subdivisión geográfica España
9 (RLIN) 5702
Fuente del encabezamiento o término LIBRUNAM
650 #7 - PUNTO DE ACCESO ADICIONAL DE MATERIA--TÉRMINO DE MATERIA
Término de materia o nombre geográfico como elemento de entrada Derecho civil
Subdivisión general Historia
Subdivisión geográfica España
9 (RLIN) 5702
Fuente del encabezamiento o término LIBRUNAM
650 #7 - PUNTO DE ACCESO ADICIONAL DE MATERIA--TÉRMINO DE MATERIA
Término de materia o nombre geográfico como elemento de entrada Derecho sucesorio
Subdivisión geográfica España
9 (RLIN) 3573
Fuente del encabezamiento o término LIBRUNAM
942 ## - ELEMENTOS DE PUNTO DE ACCESO ADICIONAL (KOHA)
Fuente del sistema de clasificación o colocación Dewey Decimal Classification
Tipo de ítem Koha Libro
Holdings
Estado de retiro Estado de pérdida Restricciones de uso No para préstamo Código de colección Localización permanente Ubicación/localización actual Ubicación en estantería Fecha de adquisición Número de inventario Total de préstamos Signatura topográfica completa Código de barras Fecha visto por última vez Precio válido a partir de Tipo de ítem Koha
  Extraviado   Excluido de préstamo Monografías: Libros y Folletos General General Extraviado 02.06.2017 LF1   347.0946 P979c 15261-80 25.06.2020 25.06.2020 No se presta
    Préstamo interno   Monografías: Libros y Folletos General General Depósito 03.02.2010 LF1   347.0946 P979c | t.1 15261-10 25.06.2020 25.06.2020 Préstamo interno
    Préstamo interno   Monografías: Libros y Folletos General General Depósito 03.02.2010 LF1   347.0946 P979c | t.2 15261-20 25.06.2020 25.06.2020 Préstamo interno
    Préstamo interno   Monografías: Libros y Folletos General General Depósito 03.02.2010 LF1   347.0946 P979c | t.3.v.2 15261-40 25.06.2020 25.06.2020 Préstamo interno
    Préstamo interno   Monografías: Libros y Folletos General General Depósito 03.02.2010 LF1   347.0946 P979c | t.4.v.1 15261-50 25.06.2020 25.06.2020 Préstamo interno
    Préstamo interno   Monografías: Libros y Folletos General General Depósito 03.02.2010 LF1   347.0946 P979c | t.4.v.2 15261-60 25.06.2020 25.06.2020 Préstamo interno
    Préstamo interno   Monografías: Libros y Folletos General General Depósito 12.03.2010 LF1   347.0946 P979c | t.3 15261-70 25.06.2020 25.06.2020 Préstamo interno

Powered by Koha